| Tag |
First Indicator |
Second Indicator |
Subfields |
| LEADER |
00000cas a2200000 4500 |
| 001 |
in00002782444 |
| 005 |
20220314134238.3 |
| 006 |
m o d |
| 007 |
cr un||a|a|||| |
| 008 |
100812d19741997enktr p oo 0 a0eng d |
| 010 |
|
|
|a 74648459
|
| 016 |
|
|
|a (AMICUS)000000121789
|
| 016 |
7 |
|
|a 2072567-X
|2 DE-600
|
| 016 |
7 |
|
|a 100968646
|2 DNLM
|
| 016 |
7 |
|
|a 010188047
|2 Uk
|
| 019 |
|
|
|a 61312949
|a 568021247
|a 609248072
|a 655161683
|a 971922363
|a 1043628155
|a 1058104980
|a 1097282597
|a 1100029113
|a 1113299412
|a 1156087107
|a 1164996585
|a 1165785053
|a 1166036600
|a 1166216197
|a 1171650688
|a 1181707829
|a 1190940934
|a 1249469107
|a 1250592962
|a 1252639923
|a 1267570036
|a 1267872750
|a 1268407897
|a 1273225624
|a 1277204114
|a 1300800175
|
| 022 |
|
|
|l 0306-3631
|y 0306-3631
|
| 029 |
1 |
|
|a AU@
|b 000043829373
|
| 029 |
1 |
|
|a AU@
|b 000044921723
|
| 029 |
1 |
|
|a AU@
|b 000045708655
|
| 029 |
1 |
|
|a AU@
|b 000048545455
|
| 029 |
1 |
|
|a AU@
|b 000054701863
|
| 029 |
1 |
|
|a NZ1
|b 16253058
|
| 029 |
1 |
|
|a OCLCS
|b 33049
|
| 029 |
1 |
|
|a OCLCS
|b OP-12907
|
| 035 |
|
|
|a (Voyager)4034710
|
| 035 |
|
|
|a (OCoLC)ocn655927459
|
| 035 |
|
|
|a (OCoLC)655927459
|z (OCoLC)61312949
|z (OCoLC)568021247
|z (OCoLC)609248072
|z (OCoLC)655161683
|z (OCoLC)971922363
|z (OCoLC)1043628155
|z (OCoLC)1058104980
|z (OCoLC)1097282597
|z (OCoLC)1100029113
|z (OCoLC)1113299412
|z (OCoLC)1156087107
|z (OCoLC)1164996585
|z (OCoLC)1165785053
|z (OCoLC)1166036600
|z (OCoLC)1166216197
|z (OCoLC)1171650688
|z (OCoLC)1181707829
|z (OCoLC)1190940934
|z (OCoLC)1249469107
|z (OCoLC)1250592962
|z (OCoLC)1252639923
|z (OCoLC)1267570036
|z (OCoLC)1267872750
|z (OCoLC)1268407897
|z (OCoLC)1273225624
|z (OCoLC)1277204114
|z (OCoLC)1300800175
|
| 037 |
|
|
|b 67 Great Russell Street, WC1B 3BT
|
| 040 |
|
|
|a OCLCE
|b eng
|c OCLCE
|d OCLCQ
|d OCLCF
|d OCL
|d OCLCQ
|d BUF
|d OCLCS
|d LVB
|d NLGGC
|d VT2
|d U3W
|d WYU
|d UAB
|d OCLCQ
|d AU@
|d CNTRU
|d OCLCO
|d UK7LJ
|d UHL
|d HS0
|d EQF
|d UWK
|d SXB
|d HQ1
|d OCLCO
|d OCLCQ
|
| 042 |
|
|
|a dlr
|
| 043 |
|
|
|a b------
|
| 050 |
|
4 |
|a JN248
|b .J65 Electronic
|
| 082 |
0 |
4 |
|a 320.9/171/241
|
| 084 |
|
|
|a 89.00
|2 bcl
|
| 245 |
0 |
4 |
|a The Journal of Commonwealth & comparative politics.
|
| 246 |
3 |
0 |
|a Journal of commonwealth and comparative politics
|
| 260 |
|
|
|a London,
|b Frank Cass,
|c 1974-1997.
|
| 300 |
|
|
|a 1 online resource (volumes)
|
| 310 |
|
|
|a Three times a year
|
| 336 |
|
|
|a text
|b txt
|2 rdacontent
|
| 337 |
|
|
|a computer
|b c
|2 rdamedia
|
| 338 |
|
|
|a online resource
|b cr
|2 rdacarrier
|
| 362 |
0 |
|
|a Vol. 12, no. 1 (Mar. 1974)-v. 35, no. 3 (Nov. 1997).
|
| 588 |
0 |
|
|a Print version record.
|
| 651 |
|
0 |
|a Commonwealth countries
|x Politics and government
|v Periodicals.
|
| 651 |
|
6 |
|a Pays du Commonwealth
|x Politique et gouvernement
|v Périodiques.
|
| 650 |
|
7 |
|a 89.00 political science: general.
|2 bcl
|
| 650 |
|
7 |
|a Politics and government
|2 fast
|0 (OCoLC)fst01919741
|
| 651 |
|
7 |
|a Commonwealth countries.
|2 fast
|0 (OCoLC)fst01240090
|
| 655 |
|
0 |
|a Electronic journals
|
| 655 |
|
7 |
|a Periodicals.
|2 fast
|0 (OCoLC)fst01411641
|
| 655 |
|
7 |
|a Periodicals.
|2 lcgft
|
| 776 |
0 |
8 |
|i Print version:
|t Journal of Commonwealth & comparative politics
|x 0306-3631
|w (DLC) 74648459
|w (OCoLC)2240097
|
| 780 |
0 |
0 |
|t Journal of Commonwealth political studies
|
| 785 |
0 |
0 |
|t Commonwealth & comparative politics
|
| 948 |
|
|
|h NO HOLDINGS IN TXA - 303 OTHER HOLDINGS
|
| 994 |
|
|
|a Z0
|b TXA
|
| 999 |
f |
f |
|s 2b8341c7-bd74-3b14-8ba8-e5353e44db9c
|i e8d3f6fa-82d2-368a-825b-2c58e59eb115
|t 0
|
| 952 |
f |
f |
|a Texas A&M University
|b College Station
|c Electronic Resources
|d Available Online
|t 0
|e JN248 .J65
|g Electronic
|h Library of Congress classification
|
| 998 |
f |
f |
|a JN248 .J65
|t 0
|l Available Online
|